| 000 | 00561nam a2200205Ia 4500 | ||
|---|---|---|---|
| 008 | 220216s9999 xx 000 0 und d | ||
| 100 | _aLee Y O | ||
| 245 | 4 | _aThe physical map of the chloroplast DNA from Asparagus officinalis L | |
| 260 |
_bTheoretical and Applied Genetics _c1996 |
||
| 300 | _a14-Oct | ||
| 650 | _aAsparagus officinalis L | ||
| 650 | _aChloroplast DNA (ct DNA) | ||
| 650 | _aChloroplast genes | ||
| 650 | _aGarden asparagus | ||
| 650 | _aPhysical map | ||
| 650 | _aRFLP | ||
| 700 | _aKameya T | ||
| 700 | _aKanno A | ||
| 942 | _cJS | ||
| 999 |
_c70908 _d70908 |
||